00343nam a2200133Ia 4500008004100000020001800041041000800059082001000067100001700077245005000094250001100144260003100155650002300186260624s2022 xx 000 0 und d a9780192871282 aeng a614.5 aDedels Karim aOxford Textbook of Global Public Health VOl.2 a7th ed bOxford Uni Press2022c2022 acommunity Medicine